Hamilton - Statistics

General Stats
  • This quiz has been taken 39 times
  • The average score is 8 of 13
Answer Stats
Hint Answer % Correct
Who Wrote Hamilton Lin Manuel Miranda
97%
Who shot Hamilton Aaron Burr
87%
Did hamilton try to shoot burr No, He shot in the air
84%
How many songs are in Hamilton 46
74%
How long did it take to write Hamilton 7 years
74%
Who did Aaron Burr love Theodosia
71%
In the original cast who plays Jefferson and Lafayette Daveed Diggs
61%
What is the longest song in Hamilton Non-Stop
61%
what is the fastest spoken word song in broadway history guns and ships
58%
How many kids did Hamilton have 8
52%
Who did Hamilton Marry Eliza Schuyler
48%
Who was Hamiltons first son Phillip Hamilton
32%
What piece of money was Hamilton on The ten dollar bill
32%
No matching quizzes found
Score Distribution
Percent of People with Each Score
Percentile by Number Answered
Your Score History
You have not taken this quiz